| 000 | 00527nam a2200193 i 4500 | ||
|---|---|---|---|
| 001 | bg | ||
| 245 | 0 |
_aSoil-structure interaction / _ced. by A. S. Cakmak. |
|
| 260 |
_aAmsterdam : _bElsevier, _c1987. |
||
| 490 | 1 |
_aDevelopments in Geotechnical Engineering ; _v43 |
|
| 700 | 1 | _aCakmak, A. S. | |
| 830 | _aDevelopments in Geotechnical Engineering ; | ||
| 020 | _a0444989579 | ||
| 040 | _cBPK | ||
| 041 | _apol | ||
| 080 | _a624.13 | ||
| 920 | _a0-444-98957-9 | ||
| 942 | _cKS | ||
| 008 | s pl f |000 0 pol | ||
| 999 |
_c28856 _d28856 |
||
| 856 |
_uhttp://koha.tu.koszalin.pl/cgi-bin/koha/opac-detail.pl?biblionumber=28856 _yKatalog online BPK |
||